000 00382nam a2200169Ia 4500
005 20250423101139.0
008 250422s9999 xx 000 0 und d
020 _a0345470613
050 _aPS 3570 .Y45 A59/
100 _aAnne Tyler
245 4 _aThe amateur marriage
260 _aNew York
260 _bBallantine books
260 _c2004
300 _a317 p
942 _cBK
999 _c35434
_d35434